| 000 | 00862nam a2200253 i 4500 | ||
|---|---|---|---|
| 001 | 24585 | ||
| 003 | ES-MaACL | ||
| 005 | 20250824205123.0 | ||
| 007 | t| | ||
| 008 | 021218s1972 sp |||| |dspa d | ||
| 080 | _a821.134.2(72)-1"15/19"(082.2) | ||
| 245 | 0 | 0 |
_aAntología general de la poesía mexicana (siglos XVI-XX) / _cestudio preliminar, bibliografía y selección de Agustín del Saz. |
| 250 | _a1ª ed. | ||
| 260 |
_aBarcelona : _bBruguera, _c1972. |
||
| 300 |
_a783 p. ; _c18 cm. |
||
| 490 | 1 |
_aLibro clásico ; _v110 |
|
| 650 | 7 |
_aPoesía mexicana- _yHasta S.XVIII _2 _9146730 |
|
| 650 | 7 |
_aPoesía mexicana- _yS. XIX _2 _9146731 |
|
| 650 | 4 |
_aPoesía mexicana- _yS.XX _916236 |
|
| 700 | 1 |
_aSaz, Agustín del. _9104111 |
|
| 830 | 0 | 0 |
_aLibro clásico (Bruguera) _v110 _9182686 |
| 852 |
_aES-MaACL _jC-52111 |
||
| 999 |
_c24585 _d24585 |
||